grupy chemii organicznej - Statystyki

Ogólne statystyki
  • Ten quiz został rozwiązany 16 razy
  • Średni wynik to 3 z 15
Statystyki odpowiedzi
grupa wzór % Poprawnych
tiolowa C-SH
54%
aminowa C-NH2
54%
karbonylowa C=O
46%
eterowa C-O-C
46%
estrowa C-C(=O)-O-C
23%
iminowa C=NH
23%
nitrowa C-N(=O)=O
23%
nitrylowa C---N
15%
sulfidowa C-S-C
15%
amidowa (bez rzędowości) C-C(=O)-N
8%
bezwodnik kwasowy C-C(=O)-O-C(=O)-C
8%
halogenek kwasowy C-C(=O)-X
8%
sulfony C-S(=O)2-C
8%
sulfotlenki C-S(=O)-C
8%
imidowa C(=O)-NH-C(=O)
0%
Nie znaleziono quizów pasujących do podanych kryteriów
Rozkład punktacji
Procent ludzi z każdym wynikiem
Percentyl według liczby udzielonych odpowiedzi
Twoja historia wyników
Nie rozwiązałeś tego quizu